000 00295nam a22001337a 4500
008 170928b xxu||||| |||| 00| 0 eng d
020 _a2700201407179
041 _aeng
080 _26TH
_a37
100 _a47
101 _aEDU
245 _aTHE ASSOCIATED PRESS
_cGOLDSTEIN,N
942 _2udc
_cBK
999 _c30346
_d30346